000 00666nam a2200217Ia 4500
005 20250508151857.0
008 008 250505s9999 xx 000 0 eng d
037 _aTextBook
040 _aFEDL
_beng
_cFEDL
041 _aeng
_2eng
084 _a370.9, CRA
_qFEDL
100 _aCramer John Francis
_993875
245 0 _aContemporary education : A comparative study of national systems
260 _aNew York, USA
_bHarcourt, Brace and Company
_c1956
300 _axvi,637p
365 _aINR
_b45
650 _aEducation
700 _a Browne George Stephenson Spalding Willard B
_9760248
942 _cTB
_h370.9, CRA
999 _c1332645
_d1332645